[Event "Berlin Unicorn op"]
[Site "Berlin"]
[Date "2008.05.03"]
[Round "5"]
[White "Kraemer, Martin"]
[Black "Thielsch, Norman"]
[Result "1-0"]
[WhiteElo "2436"]
[BlackElo "2325"]
[PlyCount "137"]
[EventDate "2008.04.30"]
[EventType "swiss"]
[EventRounds "7"]
[EventCountry "GER"]
[SourceTitle "CBM 124 Extra"]
[Source "ChessBase"]
[SourceDate "2008.07.03"]
[SourceVersion "1"]
[SourceVersionDate "2008.07.03"]
[SourceQuality "1"]

1. d4 Nf6 2. c4 e6 3. Nf3 d5 4. Nc3 c6 5. Bg5 h6 6. Bxf6 Qxf6 7. Qb3 Nd7 8. e4 dxe4 9. Nxe4 Qd8 10. Be2 Qb6 11. Qc2 Bb4+ 12. Kf1 Be7 13. Rd1 Nf6 14. c5 Qc7 15. Ned2 b6 16. g3 0-0 17. Kg2 b5 18. h4 Rd8 19. Ne4 a5 20. Ne5 Bd7 21. Ng5 Be8 22. f4 hxg5 23. hxg5 g6 24. gxf6 Bxf6 25. Bf3 Rac8 26. Qe4 Bg7 27. Qe3 a4 28. Be4 f5 29. Bf3 Bxe5 30. fxe5 Rd7 31. g4 Rh7 32. Rhg1 Qe7 33. Kf2 Rh2+ 34. Bg2 Qh4+ 35. Qg3 fxg4 36. Qxh4 Rxh4 37. Kg3 g5 38. Rgf1 Rh6 39. Rd2 Kg7 40. Kxg4 Bg6 41. Kxg5 Bf5 42. Kf4 Kf7 43. Rh1 Rxh1 44. Bxh1 Ke7 45. a3 Bb1 46. Ke3 Kd7 47. Rg2 Kc7 48. Rg7+ Kb8 49. Re7 Ba2 50. Bf3 Rc7 51. Re8+ Kb7 52. Bg4 Rc8 53. Rxc8 Kxc8 54. Kf4 Kd7 55. Kg5 Bb3 56. Kf6 Bd5 57. Kf7 Bb3 58. Kf8 Bd5 59. Bh5 Be4 60. Be8+ Kd8 61. Kf7 Bd5 62. Bxc6 Bxc6 63. Kxe6 Bf3 64. Kd6 Bg2 65. d5 Bf3 66. c6 Bg2 67. Kc5 Kc8 68. e6 Be4 69. e7 1-0

[Event "Berlin Unicorn op"]
[Site "Berlin"]
[Date "2007.05.19"]
[Round "6"]
[White "Bukowski, Henryk"]
[Black "Thielsch, Norman"]
[Result "0-1"]
[WhiteElo "2131"]
[BlackElo "2321"]
[PlyCount "120"]
[EventDate "2007.05.16"]
[EventType "swiss"]
[EventRounds "7"]
[EventCountry "GER"]
[SourceTitle "CBM 118 Extra"]
[Source "ChessBase"]
[SourceDate "2007.07.04"]
[SourceVersion "1"]
[SourceVersionDate "2007.07.04"]
[SourceQuality "1"]

1. d4 d5 2. Nf3 Nf6 3. g3 g6 4. Bg2 Bg7 5. 0-0 0-0 6. c4 c6 7. Nc3 Ne4 8. Qc2 Bf5 9. Qb3 Qb6 10. cxd5 Qxb3 11. axb3 Nxc3 12. bxc3 cxd5 13. Nh4 Be6 14. e3 Nc6 15. Bd2 Rfd8 16. h3 f6 17. f4 Bf7 18. Nf3 h6 19. g4 e5 20. fxe5 fxe5 21. Kh1 a5 22. g5 e4 23. Nh2 h5 24. Rfc1 Ne7 25. Nf1 Nf5 26. c4 b6 27. Rab1 Bf8 28. Be1 h4 29. Ra1 Be7 30. Bd2 Bxg5 31. cxd5 Bxd5 32. Rc7 Rac8 33. Rac1 Rxc7 34. Rxc7 Be7 35. Kg1 Bd6 36. Rc1 Re8 37. Kf2 Kf7 38. Ke2 Ke6 39. Be1 Kd7 40. Nd2 b5 41. Ra1 Bb4 42. Nf1 Bxe1 43. Kxe1 Ra8 44. Kf2 a4 45. bxa4 bxa4 46. Nd2 Nd6 47. Ra3 Kc6 48. Rc3+ Kb6 49. Rc5 Ra5 50. Rc1 a3 51. Rb1+ Rb5 52. Ra1 a2 53. Ke2 Ra5 54. Kd1 Ra3 55. Ke2 Kb5 56. Nb1 axb1Q 57. Rxb1+ Rb3 58. Rc1 Nc4 59. Kf2 Kb4 60. Re1 Rb2+ 0-1

[Event "Berlin Unicorn op"]
[Site "Berlin"]
[Date "2007.05.16"]
[Round "1"]
[White "Thielsch, Norman"]
[Black "Bryn, Thomas"]
[Result "1-0"]
[WhiteElo "2321"]
[BlackElo "2032"]
[PlyCount "55"]
[EventDate "2007.05.16"]
[EventType "swiss"]
[EventRounds "7"]
[EventCountry "GER"]
[SourceTitle "CBM 118 Extra"]
[Source "ChessBase"]
[SourceDate "2007.07.04"]
[SourceVersion "1"]
[SourceVersionDate "2007.07.04"]
[SourceQuality "1"]

1. e4 e5 2. Nf3 Nc6 3. Bb5 a6 4. Ba4 Nf6 5. 0-0 Be7 6. Re1 b5 7. Bb3 d6 8. c3 0-0 9. h3 Na5 10. Bc2 c5 11. d3 Qc7 12. Nbd2 Nc6 13. Nf1 d5 14. Bg5 Be6 15. Ne3 d4 16. Nf5 Bxf5 17. exf5 Nd5 18. Bb3 Rad8 19. c4 bxc4 20. Bxc4 Bxg5 21. Nxg5 Qb6 22. Bxd5 Rxd5 23. f6 gxf6 24. Nxh7 Kxh7 25. Qh5+ Kg7 26. Qg4+ Kh8 27. Qh4+ Kg7 28. Qg3+ 1-0

[Event "Berlin op 05"]
[Site "Berlin"]
[Date "2006.05.27"]
[Round "6"]
[White "Fuchs, Joerg"]
[Black "Thielsch, Norman"]
[Result "0-1"]
[WhiteElo "1674"]
[BlackElo "2300"]
[PlyCount "55"]
[EventDate "2006.05.24"]
[EventType "swiss"]
[EventRounds "7"]
[EventCountry "GER"]
[SourceTitle "EXT 2007"]
[Source "ChessBase"]
[SourceDate "2006.11.23"]
[SourceVersion "1"]
[SourceVersionDate "2006.11.23"]
[SourceQuality "1"]

1. Nf3 c5 2. g3 Nc6 3. Bg2 e5 4. d3 d5 5. Nbd2 Be6 6. 0-0 Be7 7. e4 d4 8. Nc4 f6 9. Nh4 b5 10. Na3 a6 11. Nf5 Bf8 12. f4 Qd7 13. Nh4 Bd6 14. f5 Bf7 15. Bd2 Nge7 16. c4 dxc3 17. bxc3 c4 18. Bc1 Bc5+ 19. Kh1 Qxd3 20. Qg4 Qxc3 21. Qxg7 Rg8 22. Qxf6 Qxa1 23. Be3 Qxf1+ 24. Bxf1 Bxe3 25. Nf3 Rf8 26. Nxe5 Bd4 27. Bxc4 Bxc4 28. Naxc4 0-1

[Event "Hamburg Junge op"]
[Site "Hamburg"]
[Date "2005.10.06"]
[Round "6"]
[White "Thielsch, Norman"]
[Black "Wiradimaja, Sugilar"]
[Result "1-0"]
[WhiteElo "2347"]
[BlackElo "2151"]
[PlyCount "133"]
[EventDate "2005.10.01"]
[EventType "swiss"]
[EventRounds "9"]
[EventCountry "GER"]
[SourceTitle "CBM 108 Extra"]
[Source "ChessBase"]
[SourceDate "2005.11.04"]
[SourceVersion "1"]
[SourceVersionDate "2005.11.04"]
[SourceQuality "1"]

1. d4 Nf6 2. c4 c5 3. e3 g6 4. Nf3 Bg7 5. Nc3 0-0 6. Be2 Na6 7. d5 d6 8. 0-0 Nc7 9. e4 a6 10. a4 Rb8 11. Bd3 Bd7 12. Qe2 e5 13. Ne1 Nh5 14. g3 Bh3 15. Ng2 Qd7 16. Re1 Rfe8 17. Qd1 Qc8 18. Ne3 Bd7 19. Qe2 Re7 20. Bd2 b6 21. Nc2 Qe8 22. Ne3 Nf6 23. Ra3 h5 24. Ng2 b5 25. axb5 axb5 26. Ra7 bxc4 27. Bxc4 Qc8 28. b3 Ra8 29. Rea1 Rxa7 30. Rxa7 Qb8 31. Ra2 Re8 32. Qf1 Qb7 33. Qa1 Ra8 34. Rxa8+ Nxa8 35. f3 Ne8 36. Qa5 Nec7 37. Kf2 Nb6 38. Be2 Nc8 39. Ne1 Na7 40. Nc2 Bb5 41. Na3 Bxe2 42. Kxe2 Bf8 43. Kd3 Be7 44. Qa4 Bf8 45. Kc2 Na6 46. Ncb5 Nc8 47. Nc4 Nb6 48. Nbxd6 Bxd6 49. Nxd6 Qa8 50. Qb5 Kg7 51. Qxb6 Nb4+ 52. Bxb4 Qa2+ 53. Kc1 Qa1+ 54. Kd2 cxb4 55. Qxb4 Qb2+ 56. Kd3 Qb1+ 57. Kc4 Qf1+ 58. Kc5 Qxf3 59. Qc4 f5 60. Kc6 f4 61. gxf4 exf4 62. e5 Qe3 63. Ne4 f3 64. Qc2 Qe2 65. Qc4 Qxh2 66. e6 Qe5 67. d6 1-0

[Event "Hamburg Junge op"]
[Site "Hamburg"]
[Date "2005.10.03"]
[Round "3"]
[White "Ewaldt, Michael"]
[Black "Thielsch, Norman"]
[Result "0-1"]
[WhiteElo "2099"]
[BlackElo "2347"]
[PlyCount "80"]
[EventDate "2005.10.01"]
[EventType "swiss"]
[EventRounds "9"]
[EventCountry "GER"]
[SourceTitle "CBM 108 Extra"]
[Source "ChessBase"]
[SourceDate "2005.11.04"]
[SourceVersion "1"]
[SourceVersionDate "2005.11.04"]
[SourceQuality "1"]

1. e4 c6 2. d4 d5 3. e5 Bf5 4. h4 h6 5. c3 e6 6. h5 Nd7 7. a3 c5 8. g4 Be4 9. f3 Bh7 10. Bd3 Bxd3 11. Qxd3 Ne7 12. f4 Qb6 13. Nd2 Nc6 14. Ngf3 0-0-0 15. b4 cxd4 16. cxd4 Kb8 17. Nb3 Rc8 18. Nc5 Bxc5 19. dxc5 Qc7 20. Bb2 b6 21. cxb6 Nxb6 22. 0-0 Nc4 23. Bd4 g6 24. hxg6 Rhg8 25. Bc5 Rxg6 26. Nh2 Qb7 27. Kf2 Ka8 28. Rg1 Rcg8 29. Rab1 f6 30. exf6 Rxf6 31. Kg3 Qc7 32. Rbf1 h5 33. Kh3 hxg4+ 34. Rxg4 Rh6+ 35. Kg3 Rgh8 36. Nf3 N6e5 37. fxe5 Nxe5 38. Qd4 Rh3+ 39. Kg2 Nxf3 40. Rxf3 Qh2+ 0-1

[Event "Hamburg Junge op"]
[Site "Hamburg"]
[Date "2005.10.02"]
[Round "2"]
[White "Thielsch, Norman"]
[Black "Cremer, Jochen"]
[Result "0-1"]
[WhiteElo "2347"]
[BlackElo "2128"]
[PlyCount "120"]
[EventDate "2005.10.01"]
[EventType "swiss"]
[EventRounds "9"]
[EventCountry "GER"]
[SourceTitle "CBM 108 Extra"]
[Source "ChessBase"]
[SourceDate "2005.11.04"]
[SourceVersion "1"]
[SourceVersionDate "2005.11.04"]
[SourceQuality "1"]

1. d4 Nf6 2. c4 g6 3. Nc3 d5 4. cxd5 Nxd5 5. e4 Nxc3 6. bxc3 Bg7 7. Qa4+ c6 8. Nf3 0-0 9. Ba3 b5 10. Qc2 Na6 11. Be2 c5 12. 0-0 Qa5 13. Bb2 e6 14. Nd2 Bb7 15. a4 b4 16. Nb3 Qc7 17. cxb4 cxb4 18. Qxc7 Nxc7 19. Rfc1 Rac8 20. Nc5 Ba8 21. Rc4 a5 22. Rac1 Rcd8 23. Nb3 Na6 24. f3 f5 25. R4c2 Nb8 26. Nc5 Rfe8 27. Bc4 Kf7 28. Nxe6 Rxe6 29. Bxe6+ Kxe6 30. d5+ Kf7 31. Rc7+ Nd7 32. Bxg7 Kxg7 33. Ra7 Kf6 34. Rxa5 fxe4 35. fxe4 Ne5 36. Ra6+ Kg5 37. Rb1 Rc8 38. Rb6 Nd3 39. h3 Kf4 40. Re6 Rc2 41. Rf1+ Ke3 42. Ra6 Rc8 43. Rb6 Kxe4 44. d6 Rd8 45. Rf7 Kd5 46. d7 Bc6 47. a5 Ne5 48. Re7 Bxd7 49. Rxh7 Kc5 50. Rh4 Bb5 51. Re4 Nc6 52. Rg4 Nxa5 53. Rbxg6 Bc6 54. Rf4 Rd1+ 55. Kf2 b3 56. Rg5+ Bd5 57. Rf8 b2 58. Rb8 b1Q 59. Rxb1 Rxb1 60. h4 Rh1 0-1

[Event "Berlin Unicorn op"]
[Site "Berlin"]
[Date "2005.05.05"]
[Round "3"]
[White "Thielsch, Norman"]
[Black "Horn, Sven"]
[Result "1-0"]
[WhiteElo "2323"]
[BlackElo "2107"]
[PlyCount "46"]
[EventDate "2005.05.04"]
[EventType "swiss"]
[EventRounds "7"]
[EventCountry "GER"]
[SourceTitle "CBM 106 Extra"]
[Source "ChessBase"]
[SourceDate "2005.07.01"]
[SourceVersion "1"]
[SourceVersionDate "2005.07.01"]
[SourceQuality "1"]

1. e4 e5 2. Nf3 Nf6 3. d3 Nc6 4. Be2 d5 5. Nbd2 dxe4 6. dxe4 Be7 7. 0-0 0-0 8. c3 a6 9. Qc2 b5 10. a4 Rb8 11. axb5 axb5 12. b4 Bd6 13. Rd1 Qe7 14. Nf1 Nh5 15. g3 Nd8 16. Ne3 c6 17. Nh4 Nf4 18. Nef5 Nh3+ 19. Kg2 Qf6 20. Rxd6 Ne6 21. Kxh3 g6 22. Kg2 gxf5 23. Nxf5 Bb7 1-0

[Event "Dresden ZMD op"]
[Site "Dresden"]
[Date "2004.07.22"]
[Round "8"]
[White "Thielsch, Norman"]
[Black "Stellwagen, Robin"]
[Result "1-0"]
[WhiteElo "2337"]
[BlackElo "2101"]
[PlyCount "57"]
[EventDate "2004.07.15"]
[EventType "tourn"]
[EventRounds "9"]
[EventCountry "GER"]
[SourceTitle "EXT 2006"]
[Source "ChessBase"]
[SourceDate "2005.11.24"]
[SourceVersion "1"]
[SourceVersionDate "2005.11.24"]
[SourceQuality "1"]

1. d4 Nf6 2. Nf3 g6 3. c4 Bg7 4. Nc3 0-0 5. e4 d6 6. Be2 e5 7. 0-0 Nc6 8. d5 Ne7 9. Ne1 Nd7 10. Be3 f5 11. f3 f4 12. Bf2 g5 13. Rc1 Rf6 14. c5 Rh6 15. cxd6 cxd6 16. Nb5 Qe8 17. g4 fxg3 18. Bxg3 Qf7 19. Ng2 a6 20. Nc7 Rb8 21. Ne6 Ng6 22. Rc7 Nf4 23. Bxf4 exf4 24. Qc2 Bd4+ 25. Nxd4 Qh5 26. Rxc8+ Nf8 27. h4 gxh4 28. Rxb8 Rg6 29. Qc8 1-0

[Event "Dresden ZMD op"]
[Site "Dresden"]
[Date "2003.08.02"]
[Round "9"]
[White "Thielsch, Norman"]
[Black "Welz, Peter"]
[Result "1/2-1/2"]
[WhiteElo "2340"]
[BlackElo "2111"]
[PlyCount "169"]
[EventDate "2003.07.25"]
[EventType "swiss"]
[EventRounds "9"]
[EventCountry "GER"]
[SourceTitle "EXT 2004"]
[Source "ChessBase"]
[SourceDate "2003.11.25"]
[SourceVersion "1"]
[SourceVersionDate "2003.11.25"]
[SourceQuality "1"]

1. e4 e6 2. d4 d5 3. Nd2 c5 4. exd5 exd5 5. Ngf3 Nc6 6. Bb5 Bd6 7. dxc5 Bxc5 8. 0-0 Nge7 9. Nb3 Bd6 10. Re1 0-0 11. c3 Bg4 12. Bg5 Qc7 13. h3 Bh5 14. Be2 h6 15. Be3 Rad8 16. Nfd4 Bxe2 17. Qxe2 a6 18. Nxc6 Nxc6 19. Nd4 Ne5 20. Nf5 Ng6 21. Bd4 f6 22. Qe6+ Kh7 23. Nxd6 Rxd6 24. Qf5 Qd7 25. Qxd7 Rxd7 26. Re6 Rff7 27. Rae1 Rfe7 28. Kf1 Kg8 29. Bc5 Rxe6 30. Rxe6 Ne5 31. Re8+ Kf7 32. Rf8+ Kg6 33. Ke2 h5 34. b3 Nf7 35. Re8 Ng5 36. Kd3 Kf7 37. Rf8+ Kg6 38. Re8 Kf7 39. Rf8+ Kg6 40. Be3 Ne6 41. Re8 Kf7 42. Rc8 g6 43. g3 Ke7 44. Rh8 Kf7 45. Rc8 Ke7 46. a4 Rd8 47. Rxd8 Kxd8 48. c4 dxc4+ 49. Kxc4 Kd7 50. Kd5 Nc7+ 51. Kc5 Ne6+ 52. Kb6 Kc8 53. b4 Nf8 54. Kc5 Kd7 55. Kd5 Ne6 56. Bb6 Ng5 57. h4 Ne6 58. f3 g5 59. hxg5 Nxg5 60. f4 Ne6 61. f5 Ng7 62. Ke4 Ke7 63. Bc5+ Kf7 64. Bd6 Ne8 65. Bf4 Ke7 66. Kd5 Ng7 67. Ke4 Ne8 68. Be3 Nd6+ 69. Kf4 Kf7 70. Bc5 Ne8 71. Ke4 Ng7 72. Bd6 Ne8 73. Kd5 Ng7 74. Kc5 Nxf5 75. Bb8 Ne7 76. Kb6 Nd5+ 77. Kxb7 Nxb4 78. Bd6 a5 79. Kb6 Nd5+ 80. Kxa5 Nc3 81. Kb4 Nxa4 82. Kxa4 Kg6 83. Kb4 Kf5 84. Kc4 Kg4 85. Kd3 1/2-1/2

[Event "Dresden ZMD op"]
[Site "Dresden"]
[Date "2003.07.28"]
[Round "4"]
[White "Thielsch, Norman"]
[Black "Appel, Gerhard"]
[Result "1-0"]
[WhiteElo "2340"]
[BlackElo "1950"]
[PlyCount "73"]
[EventDate "2003.07.25"]
[EventType "swiss"]
[EventRounds "9"]
[EventCountry "GER"]
[SourceTitle "EXT 2004"]
[Source "ChessBase"]
[SourceDate "2003.11.25"]
[SourceVersion "1"]
[SourceVersionDate "2003.11.25"]
[SourceQuality "1"]

1. e4 c5 2. c3 g6 3. d4 cxd4 4. cxd4 Bg7 5. Nf3 d6 6. Nc3 Nf6 7. Be2 0-0 8. 0-0 a6 9. h3 b5 10. a3 Bb7 11. d5 Nbd7 12. Be3 Nc5 13. Nd2 Rc8 14. Rc1 e6 15. b4 Ncxe4 16. Ndxe4 Nxe4 17. Nxe4 Bxd5 18. Rxc8 Qxc8 19. Bd4 Bxe4 20. Bxg7 Kxg7 21. Qd4+ e5 22. Qxe4 Qc3 23. Rd1 Rd8 24. Qf3 Qc8 25. Qe3 Qc6 26. Bf3 Qc7 27. Rc1 Qe7 28. Bd5 f5 29. Qb6 Rd7 30. Qxa6 Ra7 31. Qb6 Kf6 32. Rc6 Rxa3 33. Rc7 Qe8 34. h4 Ra1+ 35. Kh2 f4 36. Qxd6+ Kf5 37. f3 1-0

[Event "Dresden ZMD op"]
[Site "Dresden"]
[Date "2003.07.25"]
[Round "1"]
[White "Oberndoerfer, Frank"]
[Black "Thielsch, Norman"]
[Result "0-1"]
[WhiteElo "2140"]
[BlackElo "2340"]
[PlyCount "126"]
[EventDate "2003.07.25"]
[EventType "swiss"]
[EventRounds "9"]
[EventCountry "GER"]
[SourceTitle "EXT 2004"]
[Source "ChessBase"]
[SourceDate "2003.11.25"]
[SourceVersion "1"]
[SourceVersionDate "2003.11.25"]
[SourceQuality "1"]

1. d4 Nf6 2. Nf3 d5 3. Bg5 g6 4. Nbd2 Bg7 5. c3 c6 6. e3 Bf5 7. Qb3 Qb6 8. Be2 0-0 9. 0-0 Re8 10. h3 Nbd7 11. Rfd1 Ne4 12. Nxe4 Bxe4 13. Nd2 Bf5 14. c4 e5 15. Qxb6 Nxb6 16. cxd5 exd4 17. e4 cxd5 18. Bb5 Bd7 19. Bxd7 Nxd7 20. exd5 Re5 21. Bf4 Rxd5 22. Rac1 Nc5 23. Nf3 Ne6 24. Bd2 Rad8 25. Rc4 h6 26. b3 Rc5 27. Rxc5 Nxc5 28. Rc1 Ne6 29. Kf1 Bf8 30. Ne5 Kg7 31. Nd3 Rd7 32. Ne5 Rd5 33. Nd3 Rd7 34. Ne5 Rd5 35. Nd3 Be7 36. Ke2 Bg5 37. Bxg5 Rxg5 38. g3 Ra5 39. Rc2 Kf6 40. h4 h5 41. Kf3 Ke7 42. a4 Kd6 43. Rc4 b5 44. axb5 Rxb5 45. b4 Rb7 46. Nf4 Ke5 47. Nxe6 fxe6 48. Rc5+ Kf6 49. Rc4 Rd7 50. Ke4 d3 51. Rc1 d2 52. Rd1 e5 53. Ke3 Kf5 54. f3 e4 55. fxe4+ Ke5 56. Rxd2 Rxd2 57. Kxd2 Kxe4 58. Kc3 Kf3 59. Kc4 Kxg3 60. Kb5 Kxh4 61. Ka6 g5 62. Kxa7 g4 63. b5 g3 0-1

[Event "Berlin Unicorn op"]
[Site "Berlin"]
[Date "2003.06.01"]
[Round "7"]
[White "Thielsch, Norman"]
[Black "Von Herman, Ulf"]
[Result "1-0"]
[WhiteElo "2340"]
[BlackElo "2377"]
[PlyCount "119"]
[EventDate "2003.05.28"]
[EventType "swiss"]
[EventRounds "7"]
[EventCountry "GER"]
[SourceTitle "CBM 094 Extra"]
[Source "ChessBase"]
[SourceDate "2003.07.09"]
[SourceVersion "2"]
[SourceVersionDate "2003.07.09"]
[SourceQuality "1"]

1. e4 e6 2. d4 d5 3. Nd2 Nf6 4. e5 Nfd7 5. Ndf3 c5 6. c3 Nc6 7. Bd3 f6 8. Ng5 Ndxe5 9. dxe5 fxg5 10. Qh5+ Kd7 11. Bxg5 Qe8 12. Qe2 Kc7 13. Nf3 Bd7 14. a3 Rc8 15. b4 Kb8 16. 0-0 h6 17. Be3 g5 18. bxc5 Na5 19. Rfb1 Bxc5 20. Nd4 Qe7 21. Qb2 Ba4 22. Bb5 Nc4 23. Bxc4 dxc4 24. Qe2 Rhd8 25. Qh5 Bxd4 26. Bxd4 Qh7 27. Qf3 Bc6 28. Qe3 a6 29. Rb6 Rd5 30. Rab1 Rb5 31. R6xb5 axb5 32. Rd1 Qc2 33. Qd2 Qxd2 34. Rxd2 Kc7 35. Bc5 Bd5 36. f3 Rg8 37. Rd4 Kd7 38. Kf2 Ke8 39. h4 Kf7 40. h5 Rg7 41. Kg3 Kg8 42. Kf2 Rf7 43. Ke3 Rf5 44. Bd6 Rf7 45. Rg4 Bc6 46. Kd4 Rf4+ 47. Rxf4 gxf4 48. Be7 Be8 49. Kc5 Bxh5 50. Kxb5 Be8+ 51. Kxc4 Kf7 52. Bh4 Kg6 53. Kb4 Kf5 54. Bf6 h5 55. a4 Bc6 56. a5 h4 57. Bxh4 Kxe5 58. Kc5 Bd5 59. c4 Bc6 60. a6 1-0

[Event "Berlin Unicorn op"]
[Site "Berlin"]
[Date "2003.05.31"]
[Round "6"]
[White "Gebigke, Martin"]
[Black "Thielsch, Norman"]
[Result "0-1"]
[WhiteElo "2169"]
[BlackElo "2340"]
[PlyCount "72"]
[EventDate "2003.05.28"]
[EventType "swiss"]
[EventRounds "7"]
[EventCountry "GER"]
[SourceTitle "CBM 094 Extra"]
[Source "ChessBase"]
[SourceDate "2003.07.09"]
[SourceVersion "2"]
[SourceVersionDate "2003.07.09"]
[SourceQuality "1"]

1. d4 d5 2. c4 e6 3. Nc3 Nf6 4. Bg5 Be7 5. e3 Nbd7 6. Nf3 0-0 7. Qc2 a6 8. Rd1 h6 9. Bf4 c6 10. a3 Nh5 11. Be5 g6 12. Bd3 Nxe5 13. Nxe5 Bd7 14. 0-0 Be8 15. f4 f5 16. g4 Ng7 17. Rf2 Kh7 18. c5 Bf6 19. Kh1 Bxe5 20. fxe5 Qg5 21. Rf4 h5 22. h3 hxg4 23. hxg4 Rh8 24. Rd2 Kg8+ 25. Rh2 Rxh2+ 26. Qxh2 fxg4 27. Qf2 Nf5 28. Kg1 Kg7 29. Ne2 Bf7 30. Ng3 Rh8 31. e4 dxe4 32. Nxe4 Qh6 33. Ng3 Nxg3 34. Qxg3 Qh1+ 35. Kf2 Rh2+ 36. Ke3 Rh3 0-1

[Event "Berlin-ch MK"]
[Site "Berlin"]
[Date "2002.04.03"]
[Round "6"]
[White "Muse, Drazen"]
[Black "Thielsch, Norman"]
[Result "1-0"]
[WhiteElo "2410"]
[BlackElo "2327"]
[PlyCount "97"]
[EventDate "2002.03.29"]
[EventType "swiss"]
[EventRounds "9"]
[EventCountry "GER"]
[SourceTitle "EXT 2008"]
[Source "ChessBase"]
[SourceDate "2007.11.25"]
[SourceVersion "1"]
[SourceVersionDate "2007.11.25"]
[SourceQuality "1"]

1. Nf3 Nf6 2. c4 g6 3. Nc3 Bg7 4. e4 d6 5. d4 0-0 6. Be2 e5 7. d5 Na6 8. Bg5 h6 9. Bh4 c6 10. Nd2 Rb8 11. a3 Bd7 12. b4 Nc7 13. 0-0 g5 14. Bg3 Qe7 15. f3 Rfc8 16. Nb3 b6 17. Bf2 cxd5 18. cxd5 Nh5 19. Re1 Nf4 20. Bf1 h5 21. Rc1 Qf6 22. Nd2 Bh6 23. Be3 Kh7 24. g3 Ng6 25. a4 Rg8 26. Kh1 g4 27. Bxh6 Kxh6 28. Qe2 h4 29. Qe3+ Kg7 30. fxg4 Bxg4 31. Be2 Bd7 32. Rf1 Qe7 33. Nd1 Ne8 34. Bb5 hxg3 35. Qxg3 Rh8 36. Ne3 Kg8 37. Nf5 Qd8 38. Bxd7 Qxd7 39. Rc6 b5 40. a5 Rh7 41. Nf3 Ng7 42. Ng5 Rh5 43. Nxg7 Kxg7 44. Rxf7+ Qxf7 45. Nxf7 Rf8 46. Nxd6 a6 47. Nf5+ Kh8 48. Rxg6 Rc8 49. Rh6+ 1-0

[Event "Berlin-ch MK"]
[Site "Berlin"]
[Date "2002.03.30"]
[Round "2"]
[White "Moehring, Guenther"]
[Black "Thielsch, Norman"]
[Result "1-0"]
[WhiteElo "2297"]
[BlackElo "2322"]
[PlyCount "81"]
[EventDate "2002.03.29"]
[EventType "swiss"]
[EventRounds "9"]
[EventCountry "GER"]
[SourceTitle "EXT 2008"]
[Source "ChessBase"]
[SourceDate "2007.11.25"]
[SourceVersion "1"]
[SourceVersionDate "2007.11.25"]
[SourceQuality "1"]

1. Nf3 c5 2. c4 Nf6 3. g3 b6 4. Bg2 Bb7 5. 0-0 d6 6. d4 cxd4 7. Qxd4 e6 8. Nc3 a6 9. Rd1 Nbd7 10. Ng5 e5 11. Qd2 Bxg2 12. Kxg2 Rc8 13. Nge4 Nxe4 14. Nxe4 Rxc4 15. Nxd6+ Bxd6 16. Qxd6 Qc7 17. b3 Rc5 18. Ba3 Qxd6 19. Rxd6 Ra5 20. Bb4 Rb5 21. Rc6 Kd8 22. Rac1 Nc5 23. Bxc5 bxc5 24. R6xc5 Rxc5 25. Rxc5 Kd7 26. Rxe5 Rc8 27. Rd5+ Kc6 28. Rd4 Re8 29. e4 Re5 30. f4 Rc5 31. Rc4 Rxc4 32. bxc4 Kc5 33. Kf3 Kxc4 34. Ke3 a5 35. a4 h5 36. h3 f6 37. e5 Kd5 38. exf6 gxf6 39. g4 h4 40. Kd3 Ke6 41. Kc4 1-0

[Event "Dresden ZMD op"]
[Site "Dresden"]
[Date "2002.??.??"]
[Round "7"]
[White "Schmidt, Carsten"]
[Black "Thielsch, Norman"]
[Result "1/2-1/2"]
[WhiteElo "2130"]
[BlackElo "2325"]
[PlyCount "98"]
[EventDate "2002.07.18"]
[EventType "swiss"]
[EventRounds "9"]
[EventCountry "GER"]
[SourceTitle "EXT 2003"]
[Source "ChessBase"]
[SourceDate "2002.11.25"]
[SourceVersion "1"]
[SourceVersionDate "2002.11.25"]
[SourceQuality "1"]

1. e4 c5 2. Nf3 d6 3. d4 cxd4 4. Bc4 e6 5. Qe2 Be7 6. 0-0 e5 7. Rd1 Nc6 8. h3 Nf6 9. c3 dxc3 10. Nxc3 0-0 11. Bg5 Ne8 12. Bxe7 Qxe7 13. Nd5 Qd8 14. Rac1 Kh8 15. Bb5 Bd7 16. Qd2 f5 17. Nc3 fxe4 18. Bxc6 exf3 19. Bxb7 Rb8 20. Bxf3 Bxh3 21. Bc6 Bd7 22. Bd5 Nf6 23. Bf3 Bg4 24. Qxd6 Qxd6 25. Rxd6 Bxf3 26. gxf3 Rxb2 27. Re6 h6 28. Rxe5 Rc8 29. Kg2 Kg8 30. Ra5 Rb7 31. Ne2 Rd8 32. Nf4 Kf7 33. Rc6 Re7 34. Rca6 Rd4 35. Rf5 Red7 36. Nh5 R4d6 37. Nxf6 Rxf6 38. Raxf6+ gxf6 39. Kg3 Kg6 40. Ra5 Rc7 41. f4 Rc3+ 42. f3 Rc7 43. Kg4 Rb7 44. f5+ Kg7 45. Kh5 Re7 46. f4 Rd7 47. Kg4 Rc7 48. Kh5 Rd7 49. Kg4 Rc7 1/2-1/2